logo

Head First Python (Record no. 2029)

000 -LEADER
fixed length control field 00557nam a22001937a 4500
003 - CONTROL NUMBER IDENTIFIER
control field SLTCLib
008 - FIXED-LENGTH DATA ELEMENTS--GENERAL INFORMATION
fixed length control field 260610b ce ||||| |||| 00| 0 eng d
020 ## - INTERNATIONAL STANDARD BOOK NUMBER
International Standard Book Number 9781492051299
041 ## - LANGUAGE CODE
Language code of text/sound track or separate title English Language
080 ## - UNIVERSAL DECIMAL CLASSIFICATION NUMBER
Universal Decimal Classification number 004.432.2
Item number BAR
100 ## - MAIN ENTRY--PERSONAL NAME
Personal name Barry, Paul
9 (RLIN) 3581
245 ## - TITLE STATEMENT
Title Head First Python
Remainder of title A Learner's guide to the fundamentals of python programming
260 ## - PUBLICATION, DISTRIBUTION, ETC. (IMPRINT)
Place of publication, distribution, etc Beijing
Name of publisher, distributor, etc O'Reilly Media, Inc
Date of publication, distribution, etc 2023
300 ## - PHYSICAL DESCRIPTION
Extent 623p.
650 #0 - SUBJECT ADDED ENTRY--TOPICAL TERM
9 (RLIN) 2267
Topical term or geographic name as entry element Python
650 #0 - SUBJECT ADDED ENTRY--TOPICAL TERM
9 (RLIN) 2057
Topical term or geographic name as entry element Computer programming
650 #0 - SUBJECT ADDED ENTRY--TOPICAL TERM
9 (RLIN) 3132
Topical term or geographic name as entry element Programming languages
942 ## - ADDED ENTRY ELEMENTS (KOHA)
Source of classification or shelving scheme
Koha item type Reference Materials
945 ## - LOCAL PROCESSING INFORMATION (OCLC)
a 3725
b Ishara wickramage
c 3725
d Ishara wickramage
Holdings
Withdrawn status Lost status Source of classification or shelving scheme Damaged status Not for loan Permanent Location Current Location Shelving location Date acquired Source of acquisition Cost, normal purchase price Full call number Barcode Date last seen Price effective from Koha item type
          Library of SLTC Library of SLTC Reference Section 2026-06-10 Purchased 31470.00 004.432.2 BAR 003417 2026-06-10 2026-06-10 Reference Materials
          Library of SLTC Library of SLTC Reference Section 2026-06-10 Purchased 31470.00 004.432.2 BAR 003418 2026-06-10 2026-06-10 Reference Materials
Ghostwriter

All Rights Reserved, Library of SLTC
Sri Lanka Technological Campus, Ingiriya Road, Padukka, Sri Lanka - Telephone: +, Fax: + -
Email:library@sltc.edu.lk
Designed & Maintained by Nimal Hettiarachchi
Last Updated: 15-April -2018